Bohaterzy z LoL'a na literę "A" - Statystyki

Ogólne statystyki
  • Ten quiz został rozwiązany 147 razy
  • Średni wynik to 7 z 12
Statystyki odpowiedzi
# Bohater % Poprawnych
1 Aatrox
82%
8 Annie
81%
3 Akali
70%
5 Alistar
65%
2 Ahri
63%
6 Amumu
60%
7 Anivia
60%
4 Akshan
55%
10 Ashe
55%
9 Aphelios
46%
12 Azir
41%
11 Aurelion Sol
38%
Nie znaleziono quizów pasujących do podanych kryteriów
Rozkład punktacji
Procent ludzi z każdym wynikiem
Percentyl według liczby udzielonych odpowiedzi
Twoja historia wyników
Nie rozwiązałeś tego quizu